Arbitration and renegotiation of international investment agreements : (Registro nro. 6310)
[ vista simple ]
| 000 -LEADER | |
|---|---|
| fixed length control field | 00900nam a2200217Ia 4500 |
| 003 - CONTROL NUMBER IDENTIFIER | |
| control field | OSt |
| 005 - DATE AND TIME OF LATEST TRANSACTION | |
| control field | 20200813185732.0 |
| 008 - FIXED-LENGTH DATA ELEMENTS--GENERAL INFORMATION | |
| fixed length control field | 191128s1986 eu fr 000 0 eng d |
| 020 ## - INTERNATIONAL STANDARD BOOK NUMBER | |
| International Standard Book Number | 9024733146 |
| 040 ## - CATALOGING SOURCE | |
| Original cataloging agency | CO-JMCR |
| Transcribing agency | CO-JMCR |
| 041 0# - LANGUAGE CODE | |
| Language code of text/sound track or separate title | spa |
| 082 04 - DEWEY DECIMAL CLASSIFICATION NUMBER | |
| Classification number | 344.86 / |
| Item number | P478a |
| Edition number | 23 |
| 100 1# - MAIN ENTRY--PERSONAL NAME | |
| Personal name | Peter, Wolfgang, |
| Relator term | autor |
| 9 (RLIN) | 8752 |
| 245 10 - TITLE STATEMENT | |
| Title | Arbitration and renegotiation of international investment agreements : |
| Remainder of title | a study with particular reference to means of conflicto avoidance under natural resources investment agreements / |
| Statement of responsibility, etc. | Wolfgang Peter |
| 260 ## - PUBLICATION, DISTRIBUTION, ETC. | |
| Place of publication, distribution, etc. | Boston : |
| Name of publisher, distributor, etc. | Martinus Nijhoff Publishers, |
| Date of publication, distribution, etc. | 1986 |
| 300 ## - PHYSICAL DESCRIPTION | |
| Extent | xxiii, 297 páginas ; |
| Dimensions | 24 cm. |
| 505 0# - FORMATTED CONTENTS NOTE | |
| Formatted contents note | The transnational investiment agreement -- Renegotiation in practice -- Contractual leverage -- political and economic leverage |
| 650 14 - SUBJECT ADDED ENTRY--TOPICAL TERM | |
| Topical term or geographic name entry element | Política internacional |
| 9 (RLIN) | 8753 |
| 650 14 - SUBJECT ADDED ENTRY--TOPICAL TERM | |
| Topical term or geographic name entry element | Seguridad nacional |
| 9 (RLIN) | 8754 |
| 942 ## - ADDED ENTRY ELEMENTS (KOHA) | |
| Source of classification or shelving scheme | Dewey Decimal Classification |
| Koha item type | Books |
| Withdrawn status | Lost status | Source of classification or shelving scheme | Damaged status | Not for loan | Collection code | Home library | Current library | Date acquired | Source of acquisition | Full call number | Barcode | Date last seen | Copy number | Koha item type |
|---|---|---|---|---|---|---|---|---|---|---|---|---|---|---|
| Dewey Decimal Classification | Non-fiction | Biblioteca Pública José María del Castillo y Rada | Biblioteca Pública José María del Castillo y Rada | 12/01/2017 | Donación | 344.86 / P478a | 430012391 | 05/16/2024 | Ej.1 | Books |